| 000 | 00436cam a22001097a 4500 | ||
|---|---|---|---|
| 008 | 180718b1969 xxu||||| |||| 00| 0 eng d | ||
| 082 | _aK85x5442 M278 | ||
| 245 |
_aPension scheme for the teaching staff in non-government secondary schools _cby Education and Social Welfare Department, Maharashtra |
||
| 260 |
_aBombay _bThe Government Central Press _c1969 |
||
| 300 | _a73+p. | ||
| 700 | _aMaharashtra. Education and Social Welfare Department | ||
| 999 |
_c500166 _d500166 |
||